000 00476nam a2200193Ia 4500
003 OSt
005 20250924144952.0
008 250729s2005 xx 000 0 und d
020 _a978-8171696130
040 _cAL
041 _aeng
082 _a001.51 GIRE
100 _aGiridhar C H
_9222750
245 _aEducation In Developmental Area
260 _aNew Delhi
_bCommonwealth Publishers
_c2005
300 _a295p
650 _aGeneraliya
_9222751
942 _2ddc
_cBED
999 _c235593
_d235593